[Event "Amplico ch-EUR Rapid"]
[Site "Warsaw POL"]
[Date "2012.12.15"]
[Round "5.35"]
[White "Fedoseev, Vladimir3"]
[Black "Berzinsh, Ivars"]
[Result "1-0"]
[WhiteTitle "GM"]
[WhiteElo "2514"]
[BlackElo "2178"]
[WhiteFideId "24130737"]
[BlackFideId "11600764"]
[EventDate "2012.12.15"]

1. d4 Nf6 2. c4 e5 3. dxe5 Ng4 4. Nf3 Bc5 5. e3 Nc6 6. Be2 Ngxe5 7. Nxe5 Nxe5 8.
O-O a5 9. Nc3 Ra6 10. Ne4 Ba7 11. f4 Ng6 12. f5 Ne5 13. c5 Rh6 14. f6 gxf6 15.
Qa4 f5 16. Rxf5 Nc6 17. Bd2 d5 18. Ng3 Bxc5 19. Rh5 Rxh5 20. Nxh5 Qg5 21. Kh1
Rg8 22. Bf3 Bd7 23. e4 Qxd2 24. Nf6+ Kd8 25. Nxg8 Ne7 26. Rd1 Qe3 27. Qxa5 Nxg8
28. Qa8+ Bc8 29. Bg4 Ne7 30. Bxc8 Nxc8 31. Qxb7 Qxe4 32. Qxd5+ Qxd5 33. Rxd5+
Bd6 34. Rh5 Nb6 35. Rxh7 Ke7 36. Rh5 c5 37. b3 Ke6 38. Rh6+ Ke5 39. Kg1 Nd5 40.
Kf2 Nb4 41. a4 Nd3+ 42. Ke3 Nc1 43. a5 Nxb3 44. a6 Na5 45. a7 Nc4+ 46. Ke2 Nb6
47. Rh8 Ke4 48. Rb8 1-0

[Event "Amplico ch-EUR Rapid"]
[Site "Warsaw POL"]
[Date "2012.12.15"]
[Round "5.36"]
[White "Miton, Kamil"]
[Black "Musialkiewicz, Pawel"]
[Result "1-0"]
[WhiteTitle "GM"]
[WhiteElo "2626"]
[BlackElo "2182"]
[WhiteFideId "1111914"]
[BlackFideId "1179683"]
[EventDate "2012.12.15"]

1. d4 d5 2. c4 c6 3. Nc3 Nf6 4. Nf3 e6 5. g3 dxc4 6. Bg2 Nbd7 7. O-O Be7 8. e4
O-O 9. a4 Re8 10. Qe2 Bb4 11. Bf4 Qa5 12. Qc2 Nf8 13. Ne5 Bxc3 14. Nxc4 Qh5 15.
bxc3 Ng6 16. Bd6 b5 17. axb5 Qxb5 18. Rfb1 Qxc4 19. Bf1 Nxe4 20. Bxc4 Nxd6 21.
Ba6 Ne7 22. Bxc8 Rexc8 23. Ra6 Rc7 24. Qa2 h6 25. Qa5 Rd7 26. Qc5 Nb7 27. Qe5
Nd6 28. Kg2 Rad8 29. Rba1 Ndc8 30. Qa5 Rd6 31. Rb1 Kh7 32. Rb8 R8d7 33. Qa1 g6
34. Qb2 Kg7 35. Rb7 h5 36. Rxd7 Rxd7 37. Qb8 Kf8 38. Rxc6 Rd8 39. Rc5 Ke8 40.
Qb5+ Kf8 41. Rc7 Re8 42. Qe5 Kg8 43. c4 1-0

[Event "Amplico ch-EUR Rapid"]
[Site "Warsaw POL"]
[Date "2012.12.15"]
[Round "5.38"]
[White "Banusz, Tamas"]
[Black "Plichta, Kamil"]
[Result "1-0"]
[WhiteTitle "GM"]
[WhiteElo "2580"]
[BlackElo "2177"]
[WhiteFideId "722413"]
[BlackFideId "1141830"]
[EventDate "2012.12.15"]

1. d4 Nf6 2. c4 g6 3. Nc3 Bg7 4. e4 d6 5. Nf3 O-O 6. Be2 e5 7. d5 a5 8. Bg5 h6
9. Bh4 Na6 10. Nd2 Qe8 11. O-O Bd7 12. b3 Nh7 13. f3 h5 14. Qc2 Bh6 15. a3 Be3+
16. Kh1 g5 17. Bf2 Bc5 18. Bxc5 dxc5 19. Rfd1 f5 20. exf5 Bxf5 21. Bd3 Bxd3 22.
Qxd3 g4 23. fxg4 hxg4 24. Rf1 Qh5 25. Nde4 Rf4 26. d6 c6 27. Ne2 Rf7 28. N2g3
Qg6 29. Rxf7 Qxf7 30. Rf1 Qe6 31. Nf6+ 1-0

[Event "Amplico ch-EUR Rapid"]
[Site "Warsaw POL"]
[Date "2012.12.15"]
[Round "5.39"]
[White "Bryzgalin, Kirill"]
[Black "Piesik, Piotr"]
[Result "1-0"]
[WhiteTitle "GM"]
[WhiteElo "2485"]
[BlackElo "2176"]
[WhiteFideId "4133285"]
[BlackFideId "1136194"]
[EventDate "2012.12.15"]

1. e4 e6 2. d4 d5 3. Nd2 dxe4 4. Nxe4 Bd7 5. Nf3 Bc6 6. Bd3 Nd7 7. Qe2 Ngf6 8.
Neg5 Bxf3 9. Qxf3 c6 10. O-O Bd6 11. Qh3 h6 12. Bd2 Qe7 13. Rfe1 O-O-O 14. Nf3
g5 15. Ne5 Bc7 16. Nxd7 Qxd7 17. Qf3 Nd5 18. g3 Rhg8 19. c4 g4 20. Qe2 Ne7 21.
Bc3 h5 22. Rad1 Kb8 23. Be4 h4 24. b4 hxg3 25. fxg3 Ka8 26. Bg2 Nf5 27. Rd3 Rg6
28. a4 Qd6 29. b5 Rh6 30. bxc6 Rxh2 31. c5 Qe7 32. Qxg4 Nh6 33. Qf3 Rg8 34. Kxh2
Qh4+ 35. Bh3 Rxg3 36. Qxg3 Ng4+ 37. Kg2 Bxg3 38. Rxg3 f5 39. c7 Qh8 40. d5 Qc8
41. Rxe6 b6 42. Rc6 bxc5 43. Bxg4 fxg4 44. Be5 c4 45. Rxc4 1-0

[Event "Amplico ch-EUR Rapid"]
[Site "Warsaw POL"]
[Date "2012.12.15"]
[Round "5.40"]
[White "Zaksaite, Salomeja"]
[Black "Maiorov, Nikita1"]
[Result "0-1"]
[WhiteTitle "WIM"]
[BlackTitle "GM"]
[WhiteElo "2162"]
[BlackElo "2541"]
[WhiteFideId "12801496"]
[BlackFideId "13501720"]
[EventDate "2012.12.15"]

1. e4 e5 2. Nf3 Nc6 3. Bb5 a6 4. Ba4 Nf6 5. O-O Be7 6. Re1 b5 7. Bb3 d6 8. h3
O-O 9. c3 Nb8 10. d4 Nbd7 11. Nbd2 Bb7 12. Bc2 Re8 13. Nf1 Bf8 14. Ng3 g6 15. a4
Bg7 16. dxe5 dxe5 17. Be3 Qe7 18. Nd2 Nc5 19. axb5 axb5 20. Qe2 Bc6 21. b4 Ne6
22. Nb3 h5 23. Na5 Bd7 24. f3 c5 25. bxc5 Nxc5 26. Qf2 Rec8 27. Bxc5 Rxc5 28.
Ne2 Rcc8 29. Reb1 Bf8 30. Bd3 Qe8 31. Nb3 Ra4 32. Kh2 Rca8 33. Qb6 Nh7 34. Rxa4
bxa4 35. Nc5 Bc6 36. Bc4 a3 37. Ba2 Rc8 38. Nc1 Bxc5 39. Qxc5 Bxe4 40. Qxa3 Bxb1
41. Bxb1 Ng5 42. Ne2 Ne6 43. Qa5 Nc5 44. Qb4 Qd8 45. Ba2 Qc7 46. Qc4 Kg7 47. h4
Qe7 48. Ng3 Rc7 49. Kh3 Ne6 0-1

[Event "Amplico ch-EUR Rapid"]
[Site "Warsaw POL"]
[Date "2012.12.15"]
[Round "5.41"]
[White "Klepaczka, Tomasz"]
[Black "Olszewski, Michal"]
[Result "0-1"]
[BlackTitle "GM"]
[WhiteElo "2240"]
[BlackElo "2533"]
[WhiteFideId "1134574"]
[BlackFideId "1121251"]
[EventDate "2012.12.15"]

1. e4 e5 2. Nf3 Nc6 3. Nc3 Nf6 4. Nxe5 Nxe5 5. d4 Nc6 6. d5 Bb4 7. dxc6 bxc6 8.
Bd3 d5 9. exd5 cxd5 10. O-O O-O 11. Bg5 c6 12. Qf3 Be7 13. Rfe1 Rb8 14. Rab1 Be6
15. Ne2 h6 16. Bxf6 Bxf6 17. Nf4 Bd7 18. b3 Bg5 19. Nh3 Be7 20. c4 Bd6 21. cxd5
cxd5 22. Nf4 Bc6 23. Rbc1 Ba8 24. Ne2 Qg5 25. Qf5 g6 26. Qxg5 hxg5 27. Nd4 Rbc8
28. h3 Bf4 29. Rxc8 Rxc8 30. Ba6 Rd8 31. Re7 Bd6 32. Re1 Kg7 33. Kf1 Bc5 34. Rd1
Bb6 35. Ke2 Re8+ 36. Kd3 Re4 37. Kc3 g4 38. hxg4 Rxg4 39. g3 Re4 40. a4 Kf6 41.
b4 Ke5 42. f4+ Kf6 43. a5 Bc7 44. Bd3 Re3 45. Ne2 g5 46. Kd4 Re8 47. Rc1 Bd6 48.
b5 gxf4 49. gxf4 Bb4 50. Ra1 Bd2 51. b6 axb6 52. axb6 Be3+ 53. Kc3 Bxb6 54. Ra6
Rb8 55. Nd4 Ke7 56. Nf5+ Kd7 57. Bb5+ Kc7 58. Kd3 Rh8 59. Ra1 Rh3+ 60. Kc2 Bb7
61. Re1 Bc5 62. Be8 f6 63. Bb5 Rf3 64. Re6 Rxf4 65. Rxf6 Rf2+ 66. Kc3 d4+ 67.
Kd3 Rf4 68. Rf7+ Kb6 69. Bd7 Ba6+ 70. Kd2 Bb4+ 71. Kc1 d3 72. Rf6+ Ka5 73. Re6
d2+ 0-1

[Event "Amplico ch-EUR Rapid"]
[Site "Warsaw POL"]
[Date "2012.12.15"]
[Round "5.42"]
[White "Jarmula, Pawel"]
[Black "Stupak, Kirill"]
[Result "0-1"]
[BlackTitle "GM"]
[WhiteElo "2182"]
[BlackElo "2526"]
[WhiteFideId "1146211"]
[BlackFideId "13503758"]
[EventDate "2012.12.15"]

1. d4 e6 2. c4 Nf6 3. Nc3 c5 4. d5 exd5 5. cxd5 Bd6 6. g3 O-O 7. Bg2 a6 8. a4
Re8 9. Nf3 Bf8 10. O-O d6 11. Nd2 Nbd7 12. Nc4 Ne5 13. Nxe5 Rxe5 14. e4 Rb8 15.
Re1 Re8 16. f4 c4 17. Be3 b5 18. axb5 axb5 19. Bd4 b4 20. Nb1 Bg4 21. Qc1 c3 22.
bxc3 b3 23. Qd2 Bd7 24. e5 dxe5 25. fxe5 Ng4 26. c4 Qc8 27. Bf1 Bc5 28. Qf4 h6
29. h4 Qc7 30. Bxc5 Qxc5+ 31. Kg2 Qc7 32. Nd2 Nxe5 33. Rab1 b2 34. Qd4 Qb6 35.
c5 Qb4 36. Qxb4 Rxb4 37. c6 Bf5 38. Rbd1 f6 39. d6 Rd8 40. Rxe5 fxe5 41. d7 Bxd7
42. cxd7 Rxd7 43. Kf2 Rxd2+ 0-1

[Event "Amplico ch-EUR Rapid"]
[Site "Warsaw POL"]
[Date "2012.12.15"]
[Round "5.43"]
[White "Kot, Jerzy"]
[Black "Warakomski, Tomasz"]
[Result "0-1"]
[WhiteTitle "FM"]
[BlackTitle "IM"]
[WhiteElo "2178"]
[BlackElo "2490"]
[WhiteFideId "1101595"]
[BlackFideId "1124552"]
[EventDate "2012.12.15"]

1. g3 e5 2. Bg2 Nc6 3. c4 d6 4. Nc3 Be6 5. Nd5 Qd7 6. b4 Nd8 7. d3 c6 8. Nc3 d5
9. cxd5 cxd5 10. a3 g6 11. Bb2 Bg7 12. Nf3 Ne7 13. Ng5 O-O 14. O-O d4 15. Nxe6
Nxe6 16. Na4 Rfc8 17. Qb3 b5 18. Nc5 Nxc5 19. bxc5 Rab8 20. Rac1 a5 21. f4 a4
22. Qa2 exf4 23. Rxf4 Nf5 24. c6 Qe7 25. Rc2 Rc7 26. Bd5 Bh6 27. Rf3 Rd8 28. Be4
Ne3 29. Rc1 Bg7 30. Qa1 f5 31. Rxe3 dxe3 32. Bf3 Kh8 33. Qb1 Be5 34. Qa1 Bg7 35.
Qb1 Rb8 36. d4 b4 37. d5 b3 38. Qd3 Qd6 39. Bxg7+ Rxg7 40. Qxe3 Qxa3 41. c7 Rc8
42. Qe6 Qxc1+ 43. Kg2 Qxc7 44. d6 Qd7 45. Qe5 Rd8 0-1

[Event "Amplico ch-EUR Rapid"]
[Site "Warsaw POL"]
[Date "2012.12.15"]
[Round "5.44"]
[White "Pakleza, Zbigniew"]
[Black "Wiewiora, Eneasz"]
[Result "0-1"]
[WhiteTitle "IM"]
[WhiteElo "2486"]
[BlackElo "2175"]
[WhiteFideId "1119290"]
[BlackFideId "1140396"]
[EventDate "2012.12.15"]

1. d4 Nf6 2. Nf3 e6 3. Bf4 b6 4. e3 Bb7 5. h3 d6 6. Be2 Nbd7 7. O-O h6 8. c4 g5
9. Bg3 Ne4 10. Bh2 h5 11. Nfd2 g4 12. Nxe4 Bxe4 13. Nc3 Bb7 14. hxg4 hxg4 15.
Bg3 Qg5 16. Bxg4 Qh6 17. Bh3 Be7 18. d5 O-O-O 19. Re1 Rdg8 20. Kf1 Rxg3 21. fxg3
Ne5 22. Qd4 Qg7 23. Ne2 Rh6 24. Rad1 Kb8 25. b3 Bf6 26. Qe4 Be7 27. Qd4 Bf6 28.
Qe4 Be7 29. Rd2 Bc8 30. Nf4 f5 31. Qc2 Qxg3 32. Rf2 Ng4 33. Bxg4 Qxg4 0-1

[Event "Amplico ch-EUR Rapid"]
[Site "Warsaw POL"]
[Date "2012.12.15"]
[Round "5.45"]
[White "Sanz Losada, Victoriano"]
[Black "Kovalev, Vladislav"]
[Result "0-1"]
[BlackTitle "IM"]
[WhiteElo "2130"]
[BlackElo "2482"]
[WhiteFideId "2202808"]
[BlackFideId "13504398"]
[EventDate "2012.12.15"]

1. d4 Nf6 2. c4 g6 3. Nc3 Bg7 4. e4 d6 5. f3 O-O 6. Be3 c5 7. d5 e6 8. Qd2 exd5
9. exd5 a6 10. O-O-O b5 11. cxb5 axb5 12. Bxb5 Ba6 13. Bxa6 Nxa6 14. Bh6 Bxh6
15. Qxh6 c4 16. Nh3 Nb4 17. Kb1 Qa5 18. a3 Nd3 19. Rxd3 cxd3 20. Ng5 Rfb8 21.
Nce4 Rxb2+ 22. Kxb2 Qxa3+ 23. Kb1 Qa1# 0-1

[Event "Amplico ch-EUR Rapid"]
[Site "Warsaw POL"]
[Date "2012.12.15"]
[Round "5.46"]
[White "Kanarek, Marcel"]
[Black "Lebediantsev, Ruslan"]
[Result "0-1"]
[WhiteTitle "IM"]
[WhiteElo "2482"]
[BlackElo "2145"]
[WhiteFideId "1126822"]
[BlackFideId "24135755"]
[EventDate "2012.12.15"]

1. d4 Nf6 2. c4 e6 3. Nc3 Bb4 4. e3 O-O 5. Bd3 d5 6. Nf3 c5 7. O-O dxc4 8. Bxc4
Nbd7 9. a3 cxd4 10. axb4 dxc3 11. bxc3 Qc7 12. Qe2 b6 13. Bb2 Bb7 14. Bd3 Bxf3
15. gxf3 Ne5 16. c4 Nxd3 17. Qxd3 Rfd8 18. Qe2 Rac8 19. Rfc1 Qe7 20. Ba3 e5 21.
b5 Qe6 22. c5 e4 23. c6 Rd5 24. fxe4 Rg5+ 25. Kh1 Qh3 26. Rg1 Nxe4 27. Bb2 Qf5
28. Rxg5 Nxg5 29. f4 Ne6 30. Rxa7 Qe4+ 31. Kg1 Nxf4 32. Qg4 Qb1+ 33. Kf2 Qxb2+
34. Kf3 Ne6 35. Qf5 Rf8 36. Rb7 g6 37. Qd5 Qxh2 38. Ke4 Qg2+ 39. Ke5 Qg5+ 40.
Kd6 Rd8+ 41. Rd7 Rxd7+ 42. cxd7 Qxd5+ 43. Kxd5 Nd8 44. Kd6 Kf8 0-1

[Event "Amplico ch-EUR Rapid"]
[Site "Warsaw POL"]
[Date "2012.12.15"]
[Round "5.47"]
[White "Lach, Aleksandra"]
[Black "Demuth, Adrien"]
[Result "1-0"]
[WhiteTitle "WF"]
[BlackTitle "IM"]
[WhiteElo "2176"]
[BlackElo "2480"]
[WhiteFideId "1134299"]
[BlackFideId "642274"]
[EventDate "2012.12.15"]

1. e4 c5 2. Nf3 d6 3. d4 cxd4 4. Nxd4 Nf6 5. Nc3 Nc6 6. Bg5 e6 7. Qd3 a6 8.
O-O-O Nxd4 9. Qxd4 Be7 10. Bxf6 Bxf6 11. Qxd6 Qxd6 12. Rxd6 Ke7 13. Rd3 b5 14.
f4 Bb7 15. e5 Bh4 16. Be2 b4 17. Nd1 g5 18. Bf3 Bxf3 19. Rxf3 gxf4 20. Kb1 Bg5
21. Nf2 Rhg8 22. Nd3 a5 23. Rhf1 Bh6 24. Nxf4 Bxf4 25. Rxf4 Rg7 26. Rc4 Ra7 27.
g3 Rg5 28. Rc5 Rg4 29. Rf4 Rg8 30. c3 bxc3 31. Rxc3 Rd8 32. Rc5 Rd2 33. Rh4 Re2
34. Rc2 Re1+ 35. Rc1 Rxe5 36. Rxh7 Rd7 37. Rf1 Kf8 38. a3 Re2 39. Rh8+ Kg7 40.
Rb8 Rxh2 41. Rb5 Rdd2 42. Rf4 Rhf2 43. Rxf2 Rxf2 44. Rxa5 Rg2 45. Rg5+ Kf6 46.
Rg4 Kf5 47. Rf4+ Kg6 48. Rf3 f5 49. a4 e5 50. a5 e4 51. Re3 Rd2 52. a6 Rd6 53.
a7 Rd8 54. b4 f4 55. Rxe4 f3 56. Rf4 Ra8 57. Rxf3 Rxa7 58. Kb2 Kg5 59. Kb3 Kg4
60. Re3 Rb7 61. Kc4 Rc7+ 62. Kb5 Rc8 63. Rb3 Kf5 64. Kb6 Ke6 65. b5 Rg8 66. Rd3
Ke5 67. Kc6 Ke4 68. Rb3 Rg6+ 69. Kb7 Kd5 70. b6 Kc4 71. Rf3 Kc5 72. Ka7 Kc6 73.
b7 Rg7 74. Rc3+ 1-0

[Event "Amplico ch-EUR Rapid"]
[Site "Warsaw POL"]
[Date "2012.12.15"]
[Round "5.48"]
[White "Dolgova, Olga"]
[Black "Kuzmicz, Krystian"]
[Result "0-1"]
[WhiteTitle "WIM"]
[BlackTitle "IM"]
[WhiteElo "2227"]
[BlackElo "2465"]
[WhiteFideId "4158296"]
[BlackFideId "1119125"]
[EventDate "2012.12.15"]

1. d4 g6 2. Nf3 Bg7 3. Bg5 d6 4. e3 f5 5. Nbd2 h6 6. Bh4 Nf6 7. Bc4 e6 8. c3 Qe7
9. O-O Nc6 10. Re1 e5 11. Bxf6 Bxf6 12. e4 f4 13. Bd5 Nd8 14. b4 g5 15. Nb3 g4
16. Nfd2 h5 17. Kf1 h4 18. Qc2 Bg5 19. f3 h3 20. g3 fxg3 21. hxg3 gxf3 22. Kf2
Bg4 23. Rh1 c6 24. Bc4 b5 25. Bd3 Ne6 26. d5 Nf4 27. dxc6 Ng2 28. Nf1 Qc7 29.
Kg1 O-O 30. c4 f2+ 31. Kh2 Ne1 0-1

[Event "Amplico ch-EUR Rapid"]
[Site "Warsaw POL"]
[Date "2012.12.15"]
[Round "6.3"]
[White "Moranda, Wojciech"]
[Black "Petrosian, Tigran L."]
[Result "1/2-1/2"]
[WhiteTitle "GM"]
[BlackTitle "GM"]
[WhiteElo "2559"]
[BlackElo "2648"]
[WhiteFideId "1122401"]
[BlackFideId "13301616"]
[EventDate "2012.12.15"]

1. d4 d5 2. c4 c6 3. Nc3 Nf6 4. e3 Bf5 5. cxd5 cxd5 6. Qb3 Bc8 7. Bb5+ Nc6 8.
Nf3 e6 9. Ne5 Bd7 10. Nxd7 Qxd7 11. Bd2 Rc8 12. O-O a6 13. Be2 Na5 14. Qd1 Nc4
15. Bc1 Bd6 16. h3 O-O 17. Na4 Qc6 18. b3 Nb6 19. Nxb6 Qxb6 20. Bb2 Ne4 21. Bd3
Qa5 22. f3 Ng3 23. Rf2 Qd8 24. Rc2 Qh4 25. Rac1 Rxc2 26. Qxc2 g5 27. Bc3 h5 28.
Be1 g4 29. f4 gxh3 30. gxh3 Qxh3 31. Qg2 Qxg2+ 32. Kxg2 Nf5 33. Bxf5 exf5 34.
Kf3 Kg7 35. Rc2 f6 36. Rh2 Kg6 37. Rg2+ Kf7 38. Rh2 Rh8 39. Bh4 Rg8 40. Bf2 Kg6
41. Rg2+ Kh7 42. Rxg8 Kxg8 43. Be1 Ba3 44. Bd2 Kf7 45. Kg3 Kg6 46. Kh4 b6 47.
Kh3 a5 48. Kh4 b5 49. Bxa5 Bc1 50. a4 bxa4 51. bxa4 Bxe3 52. Bb6 Bxf4 53. a5 Bb8
54. a6 f4 55. Bc7 Ba7 56. Bxf4 Kf5 57. Be3 Ke4 58. Bg1 Kd3 59. Kxh5 Kc4 60. Kg6
Kb5 61. Kxf6 Kxa6 62. Ke6 1/2-1/2

[Event "Amplico ch-EUR Rapid"]
[Site "Warsaw POL"]
[Date "2012.12.15"]
[Round "6.4"]
[White "Krasenkow, Michal"]
[Black "Popov, Valerij"]
[Result "1-0"]
[WhiteTitle "GM"]
[BlackTitle "GM"]
[WhiteElo "2628"]
[BlackElo "2557"]
[WhiteFideId "1113100"]
[BlackFideId "4119410"]
[EventDate "2012.12.15"]

1. Nf3 d5 2. d4 Nf6 3. c4 dxc4 4. Qa4+ c6 5. Qxc4 e6 6. Bg5 b5 7. Qc2 Bb7 8. Nc3
Nbd7 9. e3 h6 10. Bxf6 Nxf6 11. Bd3 Be7 12. O-O O-O 13. Rac1 Rc8 14. Rfd1 Qb6
15. Qe2 Rfd8 16. a3 a6 17. b4 a5 18. Rb1 axb4 19. axb4 Ra8 20. e4 Ra3 21. Qb2
Rda8 22. Bf1 Rxc3 23. Qxc3 Nxe4 24. Qc2 Nf6 25. Ne5 Rd8 26. Qb2 Nd5 27. Nd3 Bf6
28. Nc5 g6 29. g3 Ne7 30. Bh3 Kh7 31. Ra1 h5 32. Ra3 Bg7 33. Qa1 Nc8 34. Bg2 Rd6
35. Rad3 Qc7 36. Qa5 Qxa5 37. bxa5 Ba8 38. a6 Na7 39. h4 Kg8 40. Kf1 Kf8 41. Nb7
Rd7 42. Na5 Ke7 43. Nb3 Kd6 44. Nc5 Re7 45. Rf3 Kc7 46. Rc3 Kb6 47. Ne4 Rd7 48.
Rcd3 Nc8 49. Nc5 Re7 50. Rc3 Rc7 51. Ne4 Rd7 52. Rcd3 Ne7 53. Nc5 Rd8 54. Be4
Nc8 55. a7 Nd6 56. Ra1 Re8 57. Ra6+ Kc7 58. Rd1 Bh8 59. Bf3 Rd8 60. Nb3 Bb7 61.
Ra2 Ra8 62. Rc1 Nf5 63. Rac2 Ne7 64. Na5 Rxa7 65. Nxc6 Bxc6 66. Bxc6 Kb6 67.
Bxb5 Bxd4 68. Be8 1-0

[Event "Amplico ch-EUR Rapid"]
[Site "Warsaw POL"]
[Date "2012.12.15"]
[Round "6.5"]
[White "Socko, Bartosz"]
[Black "Gorovets, Andrey"]
[Result "0-1"]
[WhiteTitle "GM"]
[BlackTitle "IM"]
[WhiteElo "2631"]
[BlackElo "2474"]
[WhiteFideId "1107038"]
[BlackFideId "13504037"]
[EventDate "2012.12.15"]

1. d4 f5 2. g3 Nf6 3. Bg2 e6 4. c4 c6 5. Nh3 d6 6. Nc3 Be7 7. O-O O-O 8. d5 cxd5
9. cxd5 e5 10. e4 Nxe4 11. Nxe4 fxe4 12. Kh1 Bf5 13. Ng1 Nd7 14. Ne2 Nf6 15. Nc3
Qe8 16. Bg5 Qg6 17. Qd2 Bd8 18. Bxf6 Rxf6 19. Rae1 Ba5 20. a3 Bxc3 21. Qxc3 Qf7
22. Qd2 Bd7 23. Qb4 Bf5 24. Qd2 Rf8 25. Rc1 Qd7 26. Qe3 Bh3 27. Rc2 Rh6 28. Rg1
Bxg2+ 29. Rxg2 Qa4 30. Rc1 Rhf6 31. Kg1 Rf3 32. Qe2 Qd4 33. Re1 Qxd5 34. Qxe4
Qxe4 35. Rxe4 Rc8 36. h4 Rc1+ 37. Kh2 Rc2 38. Rb4 b6 39. Kg1 Kf7 40. g4 Ke6 41.
g5 Rc1+ 42. Kh2 Rc2 43. Kg1 d5 44. g6 h6 45. Kf1 d4 46. Ke1 d3 47. a4 Rf4 48.
Rb3 Rxh4 49. Rg1 Rxa4 50. Rxd3 Ra1+ 51. Rd1 Rcc1 0-1

[Event "Amplico ch-EUR Rapid"]
[Site "Warsaw POL"]
[Date "2012.12.15"]
[Round "6.10"]
[White "Sargissian, Gabriel"]
[Black "Yakovich, Yuri"]
[Result "1/2-1/2"]
[WhiteTitle "GM"]
[BlackTitle "GM"]
[WhiteElo "2666"]
[BlackElo "2517"]
[WhiteFideId "13300881"]
[BlackFideId "4100654"]
[EventDate "2012.12.15"]

1. d4 d5 2. Nf3 Nf6 3. c4 dxc4 4. e3 e6 5. Bxc4 c5 6. O-O a6 7. a4 Nc6 8. Qe2
cxd4 9. Rd1 Be7 10. exd4 O-O 11. Nc3 Nd5 12. h4 Ncb4 13. h5 b6 14. Ne5 Bb7 15.
Bb3 Rc8 16. Bd2 Bg5 17. h6 g6 18. Nxd5 Nxd5 19. Qg4 Bxd2 20. Rxd2 Qe7 21. Bxd5
Bxd5 22. Qf4 f6 23. Ng4 g5 24. Qe3 Qd6 25. Rdd1 Qf4 26. Qxf4 gxf4 27. a5 b5 28.
Rac1 Kf7 29. f3 Kg6 30. Nf2 Rc4 31. b3 Rxc1 32. Rxc1 Kxh6 33. Nd3 Kg5 34. Rc7
Bxb3 35. Nc5 Bc4 36. Nxa6 Ra8 37. Rc6 Kf5 38. Rb6 b4 39. Nxb4 Rxa5 40. Nc6 Ra1+
41. Kh2 Ra2 42. Ne7+ Kg5 43. Rb8 e5 44. d5 f5 45. Rf8 Bf1 46. Kg1 Bxg2 47. d6
Rd2 48. Rg8+ Kf6 49. Rxg2 Rxd6 50. Nc8 Rd3 51. Rf2 Kg5 52. Nb6 1/2-1/2

[Event "Amplico ch-EUR Rapid"]
[Site "Warsaw POL"]
[Date "2012.12.15"]
[Round "6.11"]
[White "Markowski, Tomasz"]
[Black "Ragger, Markus"]
[Result "1/2-1/2"]
[WhiteTitle "GM"]
[BlackTitle "GM"]
[WhiteElo "2558"]
[BlackElo "2655"]
[WhiteFideId "1105680"]
[BlackFideId "1610856"]
[EventDate "2012.12.15"]

1. d4 d5 2. Nf3 Nf6 3. c4 c6 4. Qb3 dxc4 5. Qxc4 Bg4 6. Nbd2 Nbd7 7. g3 e6 8.
Bg2 Be7 9. O-O O-O 10. b3 a5 11. a3 Qb6 12. Bb2 Rfd8 13. Rac1 Bh5 14. Rfe1 c5
15. dxc5 Bxc5 16. e3 Be7 17. Bd4 Qa6 18. a4 Bb4 19. Qxa6 Rxa6 20. Bc3 Ba3 21.
Ra1 Bc5 22. Nc4 b6 23. Nfe5 Nd5 24. Bxd5 Nxe5 25. Nxe5 Rxd5 26. g4 Bg6 27. Nxg6
hxg6 28. Rad1 Rxd1 29. Rxd1 Ra8 30. Rd7 Rc8 31. Be5 f6 32. Bc7 Rf8 33. Bd6 Rc8
34. h3 e5 35. Kg2 Rc6 36. Bxc5 Rxc5 37. Rb7 Rc6 38. Kf3 f5 39. Re7 fxg4+ 40.
hxg4 Rc3 41. b4 Rc4 42. bxa5 bxa5 43. Rxe5 Rxa4 44. Re7 Ra1 45. Kf4 a4 46. Ra7
a3 47. e4 a2 48. f3 Kh7 49. Ke5 Kg8 50. Ke6 g5 51. e5 Kh7 52. Kf5 Rf1 53. Rxa2
Rxf3+ 54. Kxg5 Re3 55. Kf5 Rf3+ 56. Ke6 Kg6 57. Kd7 Rd3+ 58. Ke7 Rd4 59. Ra6+
Kg5 60. Kf7 Rd7+ 61. Ke8 Rb7 62. e6 Kxg4 63. e7 g5 64. Kf8 Rb8+ 65. Kf7 Kf3 66.
Rf6+ Kg3 67. Ke6 Re8 68. Rf8 Rxe7+ 69. Kxe7 g4 70. Ke6 Kh2 71. Rh8+ Kg2 72. Kf5
Kf3 73. Kg5 g3 74. Rf8+ Ke2 75. Re8+ Kf2 76. Rf8+ Ke2 77. Re8+ Kf2 78. Rf8+ Ke2
79. Kh4 g2 80. Rg8 Kf2 1/2-1/2

[Event "Amplico ch-EUR Rapid"]
[Site "Warsaw POL"]
[Date "2012.12.15"]
[Round "6.12"]
[White "Istratescu, Andrei"]
[Black "Jaracz, Pawel"]
[Result "1-0"]
[WhiteTitle "GM"]
[BlackTitle "GM"]
[WhiteElo "2654"]
[BlackElo "2548"]
[WhiteFideId "1200372"]
[BlackFideId "1102222"]
[EventDate "2012.12.15"]

1. d4 d5 2. c4 dxc4 3. e3 Nf6 4. Bxc4 e6 5. Nf3 a6 6. O-O Nbd7 7. a4 b6 8. Nc3
Bb7 9. Qe2 Bb4 10. Bd3 Qe7 11. e4 e5 12. Nxe5 Nxe5 13. dxe5 Qxe5 14. f4 Qh5 15.
Qxh5 Nxh5 16. e5 O-O-O 17. Be2 g6 18. Be3 Ng7 19. Rfd1 Nf5 20. Bf2 h5 21. Bc4
Nh6 22. Nd5 Bf8 23. Rac1 Kb8 24. h3 Bxd5 25. Bxd5 Be7 26. g3 g5 27. Kg2 h4 28.
g4 gxf4 29. Kf3 f6 30. e6 Rd6 31. Bc4 Rhd8 32. Rxd6 Rxd6 33. Kxf4 Rd2 34. Be3
Rxb2 35. Ke4 f5+ 36. gxf5 Ng8 37. Bd4 Rd2 38. Bxa6 Nf6+ 39. Bxf6 Bxf6 40. Rg1
Rd4+ 41. Ke3 Rxa4 42. Rg6 Bd4+ 43. Kd3 Bc5 44. f6 Rxa6 45. e7 Ra3+ 46. Ke4 1-0

[Event "Amplico ch-EUR Rapid"]
[Site "Warsaw POL"]
[Date "2012.12.15"]
[Round "6.14"]
[White "Bukavshin, Ivan"]
[Black "Erdos, Viktor"]
[Result "1/2-1/2"]
[WhiteTitle "GM"]
[BlackTitle "GM"]
[WhiteElo "2510"]
[BlackElo "2640"]
[WhiteFideId "4199758"]
[BlackFideId "719978"]
[EventDate "2012.12.15"]

1. Nf3 c5 2. e4 e6 3. d4 cxd4 4. Nxd4 a6 5. c4 Nf6 6. Nc3 Bb4 7. Qd3 d6 8. Nc2
Ba5 9. Bf4 e5 10. Bd2 Nc6 11. Be2 Be6 12. O-O Rc8 13. b3 O-O 14. Rfd1 Ne7 15.
Bf3 Ng6 16. Ne2 b5 17. cxb5 axb5 18. Bb4 Bxb4 19. Nxb4 Qa5 20. Qxd6 Rfd8 21. Nc6
Rxd6 22. Nxa5 Rxd1+ 23. Rxd1 b4 24. Nc1 Kf8 25. Nd3 Ra8 26. Nc6 Rxa2 27. Ndxb4
Rb2 28. Nd3 Rxb3 29. Ndxe5 Nxe5 30. Nxe5 g5 31. Nc6 g4 32. e5 Nh5 33. Be4 Nf4
34. Bxh7 Rb2 35. Nd4 Ne2+ 36. Nxe2 Rxe2 37. Bd3 Rxe5 38. Bf1 Kg7 39. f3 gxf3 40.
gxf3 Rg5+ 41. Kf2 Rh5 42. Kg1 Rg5+ 43. Bg2 Bh3 44. Rd2 Kf6 45. Kf1 Bxg2+ 46.
Rxg2 Ra5 47. Kf2 Rh5 48. Kg1 Rf5 49. Rg3 Ra5 50. h3 Ra2 51. Rg2 Ra3 52. Kf2 Ra8
53. Rg4 Ra5 54. h4 Rb5 55. Kg3 Rb1 56. Kg2 Rb2+ 57. Kh3 Rb1 58. Kg2 Rb2+ 59. Kg3
Rb1 60. Kh2 Ra1 61. Rg2 Ra3 62. Kg3 Ra8 63. Kh3 Ra1 64. h5 Ra5 65. Kh4 Ra1 66.
Kg4 Rb1 67. Rg3 Ra1 68. Rh3 Ra4+ 69. f4 Kg7 70. h6+ Kh7 71. Kg5 Ra6 72. f5 f6+
73. Kh5 Ra5 74. Rf3 Rb5 75. Rf2 Ra5 76. Rf3 Rb5 1/2-1/2